000 00375nam a22001577a 4500
003 MPLRDC
005 20220104143601.0
008 210129b ||||| |||| 00| 0 eng d
082 _a494.3 DL
100 _a得律出版社编辑小组
245 _a人事关系学
_c
260 _a
_b得律出版社
_c
300 _b
650 _a人事管理
942 _cBK
_o494.3 DL
999 _c41337
_d41327